000 01871nas a2200505 i 4500
001 196889
003 ES-MaACL
005 20250124063037.0
006 m g d
007 cr*
008 250122c19649999sp fr|pso || 0|||b0mul
010 _ac
_b2
022 0 _2_u
_a1988-4230
_l0066-5061
035 _a(ISSN)19884230
035 _a(OCoLC)733133542
035 _a(SpMaBN)a4709152
035 _a991021167179708606
040 _aSpMaBN
_bspa
_cSpMaBN
_erdc
080 _a94(460).023
130 0 _aAnuario de estudios medievales (Internet)
_9239481
210 0 _aAnu. estud. mediev.
_bInternet
222 0 _aAnuario de estudios medievales
_bInternet
245 1 0 _aAnuario de estudios medievales
260 _aMadrid :
_bCSIC, Departamento de Publicaciones,
310 _aSemestral
336 _aTexto (visual)
_2rdacontent
337 _aelectrónico
_2rdamedia
338 _2rdacarrier
_avolumen
362 1 _aLa edición impresa comenzó en 1964
500 _aÚltima consulta, 22 de enero de 2025
546 _aTextos en varias lenguas
588 0 _av. 38, n. 1 (2008)
651 7 _aEspaña
_xHistoria
_y414-1474
_2embne
_9239482
655 0 _aPáginas Web
_2tgfbne
_9226719
655 0 _aRevistas electrónicas
_2tgfbne
_9226718
710 2 _aInstitución "Milá y Fontanals"
_0(isni)0000000120974142
_94728
710 2 _aConsejo Superior de Investigaciones Científicas (España)
_0(isni)0000000123535612
_93236
856 4 0 _uhttp://estudiosmedievales.revistas.csic.es
_yAcceso electrónico
_xOA-J
856 4 0 _uhttps://dialnet.unirioja.es/servlet/revista?codigo=112
_zSumarios de la revista en Dialnet
856 4 0 _uhttps://digital.casalini.it/19884230
_zEditorial
942 _2udc
_cREV_E
_n0
999 _c196889
_d196889